Sports Quiz

Random Sports or Baseball Quiz

Best MLB teams ever, by win percentage Quiz Stats

 Plays Quiz not verified by Sporcle

Score 0/14 Timer 09:00
0 Plays Today
% Correct
1998 New York Yankees
87.1%
2001 Seattle Mariners
83.9%
1927 New York Yankees
58.1%
1906 Chicago Cubs
35.5%
1939 New York Yankees
29%
1907 Chicago Cubs
25.8%
1954 Cleveland Indians
22.6%
% Correct
1902 Pittsburgh Pirates
12.9%
1909 Pittsburgh Pirates
12.9%
1931 Philadelphia Athletics
6.5%
1886 Chicago White Stockings
0%
1886 Detroit Wolverines
0%
1897 Boston Beaneaters
0%
1887 St. Louis Browns
0%

You're not logged in!

Compare scores with friends on all Sporcle quizzes.
OR
Log In

Show Comments

Extras

Top Quizzes Today


Score Distribution

Your Account Isn't Verified!

In order to create a playlist on Sporcle, you need to verify the email address you used during registration. Go to your Sporcle Settings to finish the process.

Report this User

Report this user for behavior that violates our Community Guidelines.

Details: